Laporan kajian kemungkinan penubuhan sistem maklumat perhutanan negara di jabatan perhutanan semenanjung Malaysia

Bibliographic Details
Corporate Author: Ibu Pejabat Perhutanan Semenanjung Malaysia, Kuala Lumpur
Format: Book
Published: 1988
Subjects:

MARC

LEADER 00000cam a2200000 7i4500
001 0000021553
005 20080612.0
040 |a INS 
090 0 0 |a Research 253 
245 1 0 |a Laporan kajian kemungkinan penubuhan sistem maklumat perhutanan negara di jabatan perhutanan semenanjung Malaysia 
260 |c 1988 
300 |a 1 jil. ( Mukasurat pelbagai ) :   |b ill. ;   |c 30 cm. 
650 0 0 |a Forest and forestry   |z Malaysia 
710 1 |a Ibu Pejabat Perhutanan Semenanjung Malaysia, Kuala Lumpur 
999 |a RES0000367   |b BOOK   |c Course Notes   |e Default branch